Метод определения временного положения медленно нарастающего эхо-импульса; Известия Томского политехнического университета [Известия ТПУ]; Т. 317, № 4: Энергетика
| Parent link: | Известия Томского политехнического университета [Известия ТПУ]/ Томский политехнический университет (ТПУ).— , 2000- Т. 317, № 4: Энергетика.— 2010.— [С. 146-149] |
|---|---|
| Kolejni autorzy: | , , , , |
| Streszczenie: | Заглавие с титульного листа Электронная версия печатной публикации Рассматривается метод определения временного положения эхо-импульса с медленно нарастающим фронтом путём выделения огибающей. Предложены основные расчетные выражения для его использования. В качестве примера использован реальный эхо-сигнал с построенными данным методом огибающими. Произведено сравнение данного метода с традиционно использующимися, сделаны выводы. |
| Język: | rosyjski |
| Wydane: |
2010
|
| Seria: | Энергетика |
| Hasła przedmiotowe: | |
| Dostęp online: | http://www.lib.tpu.ru/fulltext/v/Bulletin_TPU/2010/v317/i4/32.pdf |
| Format: | MixedMaterials Elektroniczne Rozdział |
| KOHA link: | https://koha.lib.tpu.ru/cgi-bin/koha/opac-detail.pl?biblionumber=192943 |
MARC
| LEADER | 00000nla2a2200000 4500 | ||
|---|---|---|---|
| 001 | 192943 | ||
| 005 | 20240208104710.0 | ||
| 035 | |a (RuTPU)RU\TPU\book\210373 | ||
| 035 | |a RU\TPU\book\210370 | ||
| 090 | |a 192943 | ||
| 100 | |a 20110311d2010 k y0rusy50 ca | ||
| 101 | 0 | |a rus | |
| 102 | |a RU | ||
| 135 | |a drnn ---uucaa | ||
| 181 | 0 | |a i | |
| 182 | 0 | |a b | |
| 200 | 1 | |a Метод определения временного положения медленно нарастающего эхо-импульса |f Н. В. Дичев [и др.] | |
| 203 | |a Текст |c электронный | ||
| 215 | |a 1 файл (248 Кб) | ||
| 225 | 1 | |a Энергетика | |
| 300 | |a Заглавие с титульного листа | ||
| 300 | |a Электронная версия печатной публикации | ||
| 320 | |a [Библиогр.: с. 149 (5 назв.)] | ||
| 330 | |a Рассматривается метод определения временного положения эхо-импульса с медленно нарастающим фронтом путём выделения огибающей. Предложены основные расчетные выражения для его использования. В качестве примера использован реальный эхо-сигнал с построенными данным методом огибающими. Произведено сравнение данного метода с традиционно использующимися, сделаны выводы. | ||
| 337 | |a Adobe Reader | ||
| 461 | 1 | |0 (RuTPU)RU\TPU\book\176237 |t Известия Томского политехнического университета [Известия ТПУ] |f Томский политехнический университет (ТПУ) |d 2000- | |
| 463 | 1 | |0 (RuTPU)RU\TPU\book\210108 |t Т. 317, № 4: Энергетика |v [С. 146-149] |d 2010 |p 196 с. | |
| 610 | 1 | |a компараторы | |
| 610 | 1 | |a огибающая | |
| 610 | 1 | |a погрешности измерения | |
| 610 | 1 | |a эхо-сигналы | |
| 610 | 1 | |a метод наименьших квадратов | |
| 610 | 1 | |a труды учёных ТПУ | |
| 610 | 1 | |a электронный ресурс | |
| 701 | 1 | |a Дичев |b Н. В. |c специалист в области математического моделирования физических процессов |c магистрант Томского политехнического университета |f 1988- |g Никита Владимирович |3 (RuTPU)RU\TPU\pers\27981 | |
| 701 | 1 | |a Солдатов |b А. И. |c специалист в области электроники |c профессор Томского политехнического университета, доктор технических наук |f 1958- |g Алексей Иванович |3 (RuTPU)RU\TPU\pers\25907 |9 11758 | |
| 701 | 1 | |a Макаров |b В. С. |c российский ученый, специалист в области неразрушающего контроля |c инженер Томского политехнического университета |f 1948- |g Виктор Степанович |3 (RuTPU)RU\TPU\pers\27848 | |
| 701 | 1 | |a Сорокин |b П. В. |c специалист в области электроники |c доцент Томского политехнического университета, инженер, кандидат технических наук |f 1960- |g Павел Владимирович |3 (RuTPU)RU\TPU\pers\27993 |9 12983 | |
| 701 | 1 | |a Фикс |b И. И. |c математик |c доцент Томского политехнического университета, кандидат технических наук |f 1943- |g Иван Иванович |3 (RuTPU)RU\TPU\pers\26624 | |
| 801 | 1 | |a RU |b 63413507 |c 20090623 |g PSBO | |
| 801 | 2 | |a RU |b 63413507 |c 20211224 |g PSBO | |
| 856 | 4 | |u http://www.lib.tpu.ru/fulltext/v/Bulletin_TPU/2010/v317/i4/32.pdf | |
| 942 | |c CF | ||